| 000 | 00762nam a2200217 i 4500 | ||
|---|---|---|---|
| 001 | 114456 | ||
| 003 | ES-MaACL | ||
| 005 | 20240524193120.0 | ||
| 007 | t| | ||
| 008 | 070301s1868 sp |||| | spa d | ||
| 080 | _a821.111-31"18" | ||
| 100 | 1 |
_aLytton, Edward Bulwer Lytton _cBaron. _974965 |
|
| 245 | 1 | 0 |
_aFalkland _b: novela / _cde H. Litton Bulwer ; traducida del inglés por José Plácido Sansón. |
| 260 |
_aMadrid : _b[s.n.], _c1868 ( _fImp. de las Novedades) |
||
| 300 |
_a66 p. ; _c22 cm. |
||
| 490 | 1 | _aFolletín de las Novedades | |
| 700 | 1 |
_aSánson, José Placido. _9103222 |
|
| 830 | 0 |
_aFolletín de las novedades _9185765 |
|
| 852 |
_aES-MaACL _jG-4760(3) _z- Enc. con otras obras _z. - Legado M. de la Fuente |
||
| 999 |
_c114456 _d114456 |
||